Normal view
MARC view
- Tasadduq Hussain Dr ; Sheikh Saadi Sherazi (RA)
Entry Personal Name
001 - CONTROL NUMBER
- control field: 9838
003 - CONTROL NUMBER IDENTIFIER
- control field: NUST
005 - DATE AND TIME OF LATEST TRANSACTION
- control field: 20180124162746.0
008 - FIXED-LENGTH DATA ELEMENTS
- fixed length control field: 180124|| aca||aabn | a|a d
040 ## - CATALOGING SOURCE
- Original cataloging agency: NUST
- Transcribing agency: NUST
100 ## - HEADING--PERSONAL NAME
- Personal name: Tasadduq Hussain Dr ; Sheikh Saadi Sherazi (RA)
670 ## - SOURCE DATA FOUND
- Source citation: Work cat.: (NUST)325436: Tasadduq Hussain Dr ; Sheikh Saadi Sherazi (RA), Hakiat e Saadi, 2014
